|
|
|
|
| LEADER |
01036cam a22002892a 4500 |
| 001 |
001760776 |
| 003 |
CZ BrMZK |
| 005 |
20210317121840.0 |
| 007 |
ta |
| 008 |
200728s1965 xo a er|||||||||||slo d |
| 040 |
|
|
|a ABA001
|b cze
|c ABA001
|d ABA001
|d CBA001
|d OLA001
|d BOA001
|
| 072 |
|
7 |
|a 821.162.4
|x Slovenská literatura
|2 Konspekt
|9 25
|
| 080 |
|
|
|a 821-93
|2 MRF
|
| 080 |
|
|
|a 821-193
|2 MRF
|
| 080 |
9 |
|
|a 821.162.4-1
|2 MRF
|
| 100 |
1 |
|
|a Fulla, Ľudovít,
|d 1902-1980
|7 jn19990209198
|4 art
|
| 245 |
1 |
0 |
|a Varila myšička kašičku /
|c obrázky národného umelca Ľudovíta Fullu k ľudovým riekankám
|
| 250 |
|
|
|a Vydanie prvé
|
| 260 |
|
|
|a Bratislava :
|b Mladé letá,
|c 1965
|
| 300 |
|
|
|a 22 nečíslovaných stran :
|b ilustrace
|
| 655 |
|
7 |
|a slovenská poezie
|7 fd183397
|2 czenas
|
| 655 |
|
7 |
|a říkadla
|7 fd133992
|2 czenas
|
| 655 |
|
7 |
|a publikace pro děti
|7 fd133156
|2 czenas
|
| 910 |
|
|
|a BOA001
|b 3-0547.744
|
| 990 |
|
|
|a BK
|
| 991 |
|
|
|b 202007
|
| 996 |
7 |
|
|b 2618892406
|c 3-0547.744
|l MZK
|r Sklad / do 1 hodiny
|n 0
|w 001816400
|u 000010
|a 1
|e BOA001
|j MZK50
|s A
|